Statistiques concernant Top 10 des pays exportateurs d’armes

Cliquez ici pour prendre le quiz!

Statistiques générales

  • Ce quiz a été pris 91 fois
  • Le résultat moyen est 9 sur 10

Statistiques - réponses

Million US $ Pays % Correct
10198.23États-Unis
100%
1221.35France
100%
1981.57Chine
99%
5976.84Russie
98%
1141.73Allemagne
96%
1094.46Royaume-Uni
94%
793.27Italie
92%
831.82Espagne
90%
678.48Ukraine
53%
1087.52Israel
43%

Distribution des résultats

Percentile by Number Answered

% des personnes avec chaque résultat

Votre développement - résultats

Vous n’avez pas pris ce quiz